Stray Kids - Maniac (English Lyrics) - Statistics

General Stats
  • This quiz has been taken 978 times
  • The average score is 61 of 117
Answer Stats
Answer % Correct
Maniac
97%
a
64%
go
61%
Poppin
61%
Frankenstein
56%
Let's
55%
warning
55%
you
54%
You
54%
monster
50%
toxic
50%
mind
49%
up
46%
stop
44%
back
43%
ha
43%
Lock
43%
blown
40%
freaky
40%
ho!
40%
ho
40%
Mash
39%
the
39%
volcano
39%
yeah
38%
on
37%
Prototype
36%
can't
34%
It
34%
no
33%
rotten
32%
this
32%
holding
30%
tornado
30%
live
28%
we're
28%
feeling
27%
like
27%
smoke
27%
ain't
26%
fresh
26%
it's
25%
cannot
24%
lunatic
24%
as
23%
fog
23%
thick
23%
with
23%
dormant
22%
sealed
22%
life
20%
maniacs
20%
Locket
15%
Hah!
10%
No matching quizzes found
Score Distribution
Percent of People with Each Score
Percentile by Number Answered
Your Score History
You have not taken this quiz